000
00270nam a2200121Ia 4500
008
231129s1979||||xx |||||||||||||| ||spa||
040
_b
spa
082
_a
R 036 E56i
245
0
_a
Enciclopedia ilustrada Cumbre
260
_c
1979
264
_a
Cumbre
942
_2
ddc
_c
BKS
999
_c
12989
_d
12989